000 00506nam a2200145 4500
999 _c15325
_d15325
008 200527b ||||| |||| 00| 0 eng d
022 _a2094-8042
082 _aDPer 370.105 M72 June 2010-Mar 2011 v. 59 n. 1-10
100 _aLamug, Flocerfida A.
_942158
245 _aDaily food requirements for older persons/
_cFlocerfida A. Lamug.
260 _aPhilippines:
_bIn the Grade School, Inc.,
_cc2010-2011.
300 _av59 n2, page 58:
_billustrations;
_c28 cm.
650 _aFood.
_942159
942 _2ddc
_cPER